|
|
|
|
| LEADER |
01029nab#a2200325#ar4500 |
| 001 |
000072879 |
| 003 |
SVKKK |
| 005 |
20070817111715.0 |
| 008 |
060725c xo e huno |
| FMT |
|
|
|
| 038 |
|
|
|a SVKKK
|
| 040 |
|
|
|a SVKKK
|b slo
|e AACR2
|
| 041 |
0 |
|
|a hun
|
| 044 |
|
|
|a xo
|c SK
|
| 080 |
|
|
|a 331.5
|2 1997
|
| 080 |
|
|
|a 929 Mauks, Andrej
|2 1997
|
| 242 |
1 |
0 |
|a Preloženie
|
| 245 |
0 |
0 |
|a Áthelyezés
|
| 500 |
|
|
|a mikrofilm
|
| 520 |
2 |
|
|a Správa o tom, že finančný riaditeľ Zemplínskej župy Andrej (Endre) Mauks ukončil tamojšie pôsobenie a bol úradne preložený do Bratislavy v júli roku 1908
|
| 600 |
1 |
4 |
|a Mauks, Andrej,
|x finančný riaditeľ
|z Zemplín (Slovensko)
|x pôsobenie ukončené
|z Bratislava (Slovensko)
|x menovanie úradné
|y júl 1908
|
| 773 |
0 |
|
|t Felvidéki Hirlap : Közgazdasági, társadalmi és szépirodalmi hetilap
|g Roč. 1, č. 19 (19.07.1908) s. 2
|
| 957 |
|
|
|a 101
|
| 957 |
|
|
|a 811
|
| 958 |
|
|
|a DG
|
| 958 |
|
|
|a SK
|
| 974 |
|
|
|a Ba
|
| 992 |
|
|
|a RBX
|
| BAS |
|
|
|
| 998 |
|
|
|a RETRO
|